000 00493nam a2200145Ia 4500
008 100204s9999 xx 000 0 und d
082 _b24732
100 _aदेशपांडे वि. भा.
245 _aमराठी नाट्यकोश
260 _b"निशांत प्रकाशन , पुणे"
_c2000
300 _a1181+302
630 _aमराठी नाट्यकोश
730 _aमराठी नाट्यकोश
942 _cBOOK
999 _c469913
_d469910